书目信息 |
| 题名: |
喀喇昆仑山---昆仑山地区土壤
|
|
| 作者: | 顾国安 著 | |
| 分册: | ||
| 出版信息: | 北京 中国环境科学出版社 2000.07 |
|
| 页数: | 181页 | |
| 开本: | 26cm | |
| 丛书名: | 青藏高原喀喇昆仑山昆仑山地区科学考察丛书 | |
| 单 册: | ||
| 中图分类: | S159.245 | |
| 科图分类: | ||
| 主题词: | 土壤学 | |
| 电子资源: | ||
| ISBN: | 7-80135-046-4 | |
| 000 | 00707nam0 2200217 45 | |
| 001 | 0239237298 | |
| 005 | 2002041510535717 | |
| 010 | @a7-80135-046-4@dRMB 32.00 | |
| 100 | @a20020415d2000 km y0chiy0120 ea | |
| 101 | 0 | @achi |
| 102 | @aCN@b110000 | |
| 200 | 1 | @a喀喇昆仑山---昆仑山地区土壤@AKa La Kun Lun Shan---Kun Lun Shan Di Qu Tu Rang@f顾国安等著@Fgu guo an deng zhu |
| 210 | @a北京@c中国环境科学出版社@d2000.07 | |
| 215 | @a181页@d26cm | |
| 225 | 2 | @a青藏高原喀喇昆仑山昆仑山地区科学考察丛书 |
| 461 | 0 | @12001 @a青藏高原喀喇昆仑山昆仑山地区科学考察丛书 |
| 606 | 0 | @a土壤学 |
| 690 | @aS159.245@v3 | |
| 701 | 0 | @a顾国安@Agu guo an@4著 |
| 801 | 0 | @aCN@bPFT@c20020415 |
| 905 | @a安徽大学@dS159.245@eG490 | |
| 喀喇昆仑山---昆仑山地区土壤/顾国安等著.-北京:中国环境科学出版社,2000.07 |
| 181页;26cm.-(青藏高原喀喇昆仑山昆仑山地区科学考察丛书) |
| ISBN 7-80135-046-4:RMB 32.00 |
| ● |
| 相关链接 |
|
|
|
正题名:喀喇昆仑山---昆仑山地区土壤
索取号:S159.245/G490
 
预约/预借
| 序号 | 登录号 | 条形码 | 馆藏地/架位号 | 状态 | 备注 |
| 1 | 357107 | 203571072 | 自科库401/401自科库 66排7列1层/ [索取号:S159.245/G490] | 在馆 | |
| 2 | 357108 | 203571081 | 自科库401/401自科库 66排7列1层/ [索取号:S159.245/G490] | 在馆 |